Beatles Song Titles by Initials - Statistics

General Stats
  • This quiz has been taken 859 times
    159 since last reset
  • The average score is 14 of 25
Answer Stats
Initials Song Title % Correct
Y Yesterday
98%
HJ Hey Jude
84%
ER Eleanor Rigby
79%
BITUSSR Back in the U.S.S.R.
74%
IML In My Life
70%
ADITL A Day in the Life
68%
CT Come Together
68%
LIB Let It Be
65%
IWTHYH I Want to Hold Your Hand
63%
LSD Lucy in the Sky with Diamonds
62%
AHDN A Hard Day's Night
60%
NW(TBHF) Norwegian Wood (This Bird Has Flown)
57%
LMD Love Me Do
54%
SPLHCB Sgt. Pepper's Lonely Hearts Club Band
52%
PW Paperback Writer
51%
PPM Please Please Me
49%
SFF Strawberry Fields Forever
44%
WMGGW While My Guitar Gently Weeps
43%
WYWY Within You Without You
43%
EDAW Eight Days a Week
39%
EGSTHEMAMM Everybody's Got Something to Hide Except Me and My Monkey
39%
AYNIL All You Need is Love
36%
WDWDIITR Why Don't We Do It in the Road?
35%
BFTBOMK Being for the Benefit of Mr. Kite!
31%
TNK Tomorrow Never Knows
25%
No matching quizzes found
Score Distribution
Percent of People with Each Score
Percentile by Number Answered
Your Score History
You have not taken this quiz since the last reset